| 000 | 00632aam a2200229 4500 | ||
|---|---|---|---|
| 005 | 20161117124702.0 | ||
| 008 | 150630b xxu||||| |||| 00| 0 spa d | ||
| 041 | _aEspañol | ||
| 082 | _a972.86 J61c | ||
| 100 |
_aJiménez Castro, Alvaro _927366 |
||
| 245 | _aEl café en Costa Rica: gran modelador del costarricense | ||
| 260 |
_aCosta Rica _bUCR _c2013 |
||
| 300 | _a692 páginas | ||
| 650 |
_aCOSTA RICA _932653 |
||
| 650 |
_aCAFÉ _97708 |
||
| 650 |
_aCULTIVO DEL CAFÉ _927368 |
||
| 650 |
_aPRODUCCIóN _9706 |
||
| 650 |
_aECONOMíA CAFETALERA _927369 |
||
| 650 |
_aCOMERCIO _93 |
||
| 650 |
_aHISTORIA _943 |
||
| 942 | _cBK | ||
| 999 |
_c3196 _d3196 |
||